Luật an toàn thực phẩm và văn bản hướng dẫn chỉ đạo thực hiện
Sách trình bày luật An toàn thực phẩm và văn bản chỉ đạo thi hành, hệ thống Quy chuẩn kỹ thuật quốc gia đối với sữa, sản phẩm từ sữa và đồ uống, ...Quy định mới nhất về hướng dẫn thực hiện Luật an toàn thực phẩm và chiến lược...
Enregistré dans:
| Format: | Livre |
|---|---|
| Langue: | Undetermined |
| Publié: |
Hà Nội
Lao động - Xã hội
2012
|
| Sujets: | |
| Tags: |
Ajouter un tag
Pas de tags, Soyez le premier à ajouter un tag!
|
| Thư viện lưu trữ: | Trung tâm Học liệu Trường Đại học Cần Thơ |
|---|
| LEADER | 01162nam a2200205Ia 4500 | ||
|---|---|---|---|
| 001 | CTU_184817 | ||
| 008 | 210402s9999 xx 000 0 und d | ||
| 020 | |c 325000 | ||
| 082 | |a 344.5970423 | ||
| 082 | |b L504 | ||
| 245 | 0 | |a Luật an toàn thực phẩm và văn bản hướng dẫn chỉ đạo thực hiện | |
| 245 | 0 | |c Quý Long, Kim Thư (Sưu tầm và hệ thống hóa) | |
| 260 | |a Hà Nội | ||
| 260 | |b Lao động - Xã hội | ||
| 260 | |c 2012 | ||
| 520 | |a Sách trình bày luật An toàn thực phẩm và văn bản chỉ đạo thi hành, hệ thống Quy chuẩn kỹ thuật quốc gia đối với sữa, sản phẩm từ sữa và đồ uống, ...Quy định mới nhất về hướng dẫn thực hiện Luật an toàn thực phẩm và chiến lược quốc gia an toàn thực phẩm năm 2020. | ||
| 650 | |a Food law and legislation,Luật thực phẩm và văn bản pháp luật | ||
| 650 | |z Vietnam,Việt Nam | ||
| 904 | |i Hải | ||
| 980 | |a Trung tâm Học liệu Trường Đại học Cần Thơ | ||